Soldiering for god : christianity and the roman army /

Guardado en:
Autor Principal: Shean, John F.
Formato: Libro
Publicado: Leiden : Boston ; Brill, 2010
Materias:
Etiquetas: Agregar Etiqueta
Sin Etiquetas, Sea el primero en etiquetar este registro!
LEADER 00597nam a22002055a 4500
001 EHU.bham041171
003 AR-BHAM
005 20110930110341.0
008 130507s2010##################000#0#####d
020 |a 9789004187313 
082 2 7 |a 270.1 
100 1 |a Shean, John F. 
245 1 0 |a Soldiering for god :  |b christianity and the roman army /  |c John F. Shean 
260 |a Leiden :  |b Boston ; Brill,  |c 2010 
300 |a 452 p. 
653 |a Cristianismo 
653 |a Roma-historia de 
653 |a Roma-imperio 
653 |a Roma-religión 
859 |a AR-BHAM  |b BIB. HUMANIDADES - General  |h 270.1  |i Sh99  |p 449.11  |t Ej.1